00681nab a2200229uuc4500001000800000005001700008008004100025035001200066035002100078040001300099041000800112100002800120245009500148260001000243650001500253650001600268650002300284650002300307650001200330650002000342773008900362118142420240202093657.0091127s1981 fre  a1181424 a(OCoLC)820518151 ccomduadb afre10aOyharcabal, B4auteaut13aLa perte de l'ergatif chez des enfants non bascophones de 1ere langue scolarises en banque c1981. aErgativite aErgatividad aEnfants et langage aNiños - Lenguaje aEuskera aBasque language0 tLangage et Societe (Francia)gNo. 18, Dec. 1981, p. 19-49w898016x0181-40950326425